[Event "AUTO-INT-1772"]
[Site "http://www.queenalice.com/game.php?id=810304"]
[Date "2010.7.29"]
[Round "1"]
[White "simpleknight"]
[Black "vinoseco"]
[Result "1-0"]
[WhiteElo "1760"]
[BlackElo "1360"]

1. d4 e6 2. e4 Qf6 3. Nf3 Qg6 4. Nbd2 f5 5. Ne5 Qg5 6. Ndc4 Qh4 7. exf5 c5 8.
Nf3 Qe4+ 9. Be2 Qxf5 10. O-O h5 11. Bd3 Qf6 12. Bg5 Qxd4 13. Bg6# 1-0

[Event "AUTO-INT-1772"]
[Site "http://www.queenalice.com/game.php?id=810305"]
[Date "2010.7.29"]
[Round "1"]
[White "vinoseco"]
[Black "simpleknight"]
[Result "0-1"]
[WhiteElo "1360"]
[BlackElo "1740"]

1. e4 e6 2. Qf3 Ne7 3. Nc3 b6 4. e5 Nbc6 5. a3 Ng6 6. d4 Bb7 7. d5 Ncxe5 8. Qe4
Bd6 9. Nb5 Bxd5 10. Qf4 Nxf4 11. Bxf4 Nd3+ 12. cxd3 Bxf4 13. Nh3 Bh6 14. f4 O-O
15. Rc1 c6 16. Nd6 Qf6 17. b4 e5 18. Nb7 exf4 19. Be2 Bxg2 20. Nf2 Bxh1 21. Bg4
Rfe8+ 22. Ne4 Qh4+ 23. Kf1 Qxg4 24. Nf2 Qg2# 0-1

[Event "AUTO-INT-1772"]
[Site "http://www.queenalice.com/game.php?id=810306"]
[Date "2010.7.29"]
[Round "1"]
[White "simpleknight"]
[Black "Vermelho"]
[Result "1-0"]
[WhiteElo "1842"]
[BlackElo "1633"]

1. d4 Nf6 2. c4 d6 3. Nc3 e5 4. dxe5 dxe5 5. Qxd8+ Kxd8 6. Bg5 Be7 7. O-O-O+ Bd7
8. Nf3 Nc6 9. e3 Kc8 10. a3 h6 11. Bh4 g5 12. Bg3 e4 13. Nd4 h5 14. f3 h4 15.
Bf2 Nxd4 16. exd4 Bf5 17. Be2 g4 18. fxg4 Bxg4 19. Rde1 Bxe2 20. Rxe2 b6 21. h3
Kb7 22. Nxe4 Rag8 23. Nxf6 Bxf6 24. Be3 Re8 25. Rhe1 Rxe3 26. Rxe3 Bg5 27. Kc2
Bxe3 28. Rxe3 Rg8 29. Re2 f5 30. Kd2 Rd8 31. Kc3 f4 32. Re4 Rf8 33. Kd2 f3 34.
gxf3 Rxf3 35. Re3 Rf2+ 36. Kc3 a5 37. c5 Kc6 38. b4 Kb5 39. cxb6 cxb6 40. d5 Rf5
41. Rd3 Rf7 42. bxa5 bxa5 43. Kd4 a4 44. d6 Kc6 45. Ke5 Rd7 46. Ke6 Rd8 47. d7
Kc7 48. Ke7 Rxd7+ 49. Rxd7+ Kc6 50. Rd4 Kb5 51. Rxh4 Kc5 52. Rg4 Kb5 53. h4 1-0

[Event "AUTO-INT-1772"]
[Site "http://www.queenalice.com/game.php?id=810307"]
[Date "2010.7.29"]
[Round "1"]
[White "Vermelho"]
[Black "simpleknight"]
[Result "0-1"]
[WhiteElo "1636"]
[BlackElo "1814"]

1. e4 e6 2. d4 d5 3. Nc3 Bb4 4. Bd2 Ne7 5. a3 Ba5 6. b4 Bb6 7. Nf3 c6 8. Bd3 O-O
9. O-O dxe4 10. Bxe4 Nd7 11. Re1 Nd5 12. Bxd5 cxd5 13. Bf4 a6 14. Bd6 Re8 15.
Na4 Nf6 16. Nxb6 Qxb6 17. Bc5 Qc7 18. c3 b6 19. Bxb6 Qxb6 20. Ne5 Qc7 21. Qf3
Bb7 22. Rec1 Ne4 23. c4 Nd2 24. Qd3 Nxc4 25. Nxc4 dxc4 26. Rxc4 Qd6 27. Re1 Qd5
28. Rc7 Qxg2# 0-1

[Event "AUTO-ADV-1915"]
[Site "http://www.queenalice.com/game.php?id=837840"]
[Date "2010.9.25"]
[Round "1"]
[White "simpleknight"]
[Black "axelsun"]
[Result "0-1"]
[WhiteElo "1830"]
[BlackElo "2006"]

1. d4 Nf6 2. Nc3 g6 3. e4 d6 4. Bc4 Bg7 5. h3 c6 6. Bb3 O-O 7. Be3 Nbd7 8. Nge2
e5 9. O-O Re8 10. f4 exd4 11. Nxd4 Nxe4 0-1

[Event "AUTO-ADV-1915"]
[Site "http://www.queenalice.com/game.php?id=837841"]
[Date "2010.9.25"]
[Round "1"]
[White "axelsun"]
[Black "simpleknight"]
[Result "1-0"]
[WhiteElo "1996"]
[BlackElo "1840"]

1. e4 e5 2. Nf3 d6 3. d4 exd4 4. Nxd4 Nf6 5. Bg5 Be7 6. Nc3 h6 7. Bh4 O-O 8. Bc4
Nxe4 9. Bxe7 Qxe7 10. Nxe4 Qxe4+ 11. Ne2 Qxc4 12. O-O 1-0

[Event "AUTO-INT-1772"]
[Site "http://www.queenalice.com/game.php?id=857522"]
[Date "2010.11.11"]
[Round "2"]
[White "rajneesh"]
[Black "simpleknight"]
[Result "1-0"]
[WhiteElo "1729"]
[BlackElo "1719"]

1. Nf3 d6 2. e4 e5 3. d4 exd4 4. Nxd4 c5 5. Nf3 Be7 6. Bf4 Qb6 7. Nc3 Qxb2 8.
Bb5+ Nc6 9. Bd2 a6 10. Rb1 Qa3 11. Rb3 Qa5 12. Bxc6+ bxc6 13. Nd5 Qd8 14. Nb6
Be6 15. Rb2 Ra7 16. Ba5 Nf6 17. Qd2 O-O 18. Nd5 1-0

[Event "AUTO-INT-1772"]
[Site "http://www.queenalice.com/game.php?id=857523"]
[Date "2010.11.11"]
[Round "2"]
[White "simpleknight"]
[Black "rajneesh"]
[Result "0-1"]
[WhiteElo "1703"]
[BlackElo "1745"]

1. Nf3 d5 2. h3 Nc6 3. e3 e5 4. Bb5 e4 5. Nd4 Ne7 6. c4 Qd6 7. Nc3 a6 8. Bxc6+
bxc6 9. cxd5 cxd5 10. a4 c5 11. Nde2 Rb8 12. Nf4 d4 13. Nxe4 Qe5 14. Qc2 Bf5 15.
d3 Nc6 16. O-O Nb4 17. Qxc5 Bxc5 0-1

[Event "AUTO-INT-1772"]
[Site "http://www.queenalice.com/game.php?id=857526"]
[Date "2010.11.11"]
[Round "2"]
[White "Vermelho"]
[Black "simpleknight"]
[Result "1-0"]
[WhiteElo "1648"]
[BlackElo "1689"]

1. e4 e6 2. Nf3 Nf6 3. Nc3 b6 4. d4 Bb7 5. e5 Nd5 6. Bc4 Nxc3 7. bxc3 Be7 8. O-O
d5 9. Bb5+ c6 10. Bd3 Nd7 11. c4 dxc4 12. Bxc4 O-O 13. a4 a5 14. Ba3 1-0

[Event "AUTO-INT-1772"]
[Site "http://www.queenalice.com/game.php?id=857527"]
[Date "2010.11.11"]
[Round "2"]
[White "simpleknight"]
[Black "Vermelho"]
[Result "0-1"]
[WhiteElo "1671"]
[BlackElo "1666"]

1. e4 Nc6 2. Nf3 Nf6 3. Nc3 e5 4. h3 Bb4 5. d3 O-O 6. Be2 Bxc3+ 7. bxc3 d5 8.
exd5 Qxd5 9. O-O e4 10. Nh2 b6 11. Be3 a5 12. d4 Ba6 13. f3 b5 14. a4 bxa4 0-1